Memorias y revista de la Academia Nacional de Ciencias Antonio Alzate. (Record no. 4464)

MARC details
000 -CABECERA
campo de control de longitud fija 00793nam a2200253 a 4500
001 - NÚMERO DE CONTROL
campo de control BRCA_4767
005 - FECHA Y HORA DE LA ÚLTIMA TRANSACCIÓN
campo de control 20190320204809.0
008 - DATOS DE LONGITUD FIJA--INFORMACIÓN GENERAL
campo de control de longitud fija 081010s1942----mx-a######---#000-0#spa-#
041 ## - CÓDIGO DE LENGUA
Código de lengua del texto/banda sonora o título independiente spa
044 ## - CÓDIGO DEL PAÍS DE LA ENTIDAD EDITORA/PRODUCTORA
Código MARC del país mx
050 #4 - SIGNATURA TOPOGRÁFICA DE LA BIBLIOTECA DEL CONGRESO
Número de clasificación G23
Número de documento/Ítem .M46 1942
245 10 - MENCIÓN DE TÍTULO
Título Memorias y revista de la Academia Nacional de Ciencias Antonio Alzate.
260 ## - PUBLICACIÓN, DISTRIBUCIÓN, ETC.
Lugar de publicación, distribución, etc. México
Nombre del editor, distribuidor, etc. Cultura
Fecha de publicación, distribución, etc. 1942
300 ## - DESCRIPCIÓN FÍSICA
Extensión 274 p.
Otras características físicas il., retratos
Dimensiones 23 cm.
500 ## - NOTA GENERAL
Nota general Tomo 55 Núms. 7-9
500 ## - NOTA GENERAL
Nota general Revista catalogada por Banco de México como libro
500 ## - NOTA GENERAL
Nota general Estado físico: Libro deteriorado
500 ## - NOTA GENERAL
Nota general CFG51
504 ## - NOTA DE BIBLIOGRAFÍA, ETC.
Nota de bibliografía, etc. Bibliografía: p. 271-279
610 24 - PUNTO DE ACCESO ADICIONAL DE MATERIA--NOMBRE DE ENTIDAD CORPORATIVA
Nombre de entidad corporativa o nombre de jurisdicción como elemento de entrada Academia Nacional de Ciencias Antonio Alzate
9 (RLIN) 12047
650 14 - PUNTO DE ACCESO ADICIONAL DE MATERIA--TÉRMINO DE MATERIA
Término de materia o nombre geográfico como elemento de entrada Academias, sociedades doctas, etc.
Subdivisión geográfica México
9 (RLIN) 12048
902 ## - CATALOGADOR
Iniciales GFM
942 ## - ELEMENTOS DE PUNTO DE ACCESO ADICIONAL (KOHA)
Fuente del sistema de clasificación o colocación Library of Congress Classification
Tipo de ítem Koha Libros
Holdings
Estado de retiro Estado de pérdida Estado dañado No para préstamo Localización permanente Ubicación/localización actual Fecha de adquisición Número de inventario Total de préstamos Signatura topográfica completa Código de barras Fecha visto por última vez Precio válido a partir de Tipo de ítem Koha
El ejemplar forma parte de la colección y puede ser consultado según las políticas vigentes.       Biblioteca del Museo Franz Mayer (Rogerio Casas-Alatriste) Biblioteca del Museo Franz Mayer (Rogerio Casas-Alatriste) 08/10/2010 CFG51   G23 .M46 1942 (CFG51) 4793 22/03/2019 22/03/2019 Libros